| 000 | 00768nam a22001817a 4500 | ||
|---|---|---|---|
| 003 | BD-DhUL | ||
| 005 | 20211227152456.0 | ||
| 008 | 211223s1992 bg ||||| |||| 000 0 ben | | ||
| 040 |
_aBD-DhUL _cBD-DhUL |
||
| 082 |
_a330.092 _bKHJ |
||
| 100 | 1 | _aখোন্দকার, রেজাউল হক। | |
| 245 | 0 | 0 |
_aজীবন যেমন দেখেছি : _b১ম পর্ব / _cরেজাউল হক খোন্দকার। |
| 260 |
_aঢাকা : _bশামসুন নাহার খোন্দকার, _c১৯৯২। |
||
| 300 |
_a৮৭ পৃ. ; _c২১ সেমি. |
||
| 600 | 4 |
_aখোন্দকার, রেজাউল হক _xজীবনী |
|
| 600 | 4 |
_aKhandaker, Rezaul Haque _xBiography |
|
| 942 |
_2ddc _cBK |
||
| 999 |
_c255101 _d255101 |
||